Statistics for English for Dummies

Click here to take the quiz!

General Stats

  • This quiz has been taken 357 times
  • The average score is 70 of 80

Answer Stats

QuestionTileSelect% Correct
Plurals.Building
99%
Plurals.Cape
99%
Plurals.Cloud
99%
Plurals.Drawing
99%
Plurals.House
99%
Plurals.Parent
99%
Plurals.Window
99%
Plurals.Holes
98%
Punctuation.$
97%
Plurals.Baskets
97%
Plurals.Devices
97%
Plurals.Mouse
97%
Plurals.Rope
97%
Plurals.Sharks
97%
Plurals.Trees
97%
Punctuation.%
96%
Punctuation.+
96%
Punctuation.=
96%
Numbers.Bike
96%
Numbers.Board
96%
Plurals.Boys
96%
Numbers.Bracelet
96%
Numbers.Foot
96%
Numbers.Game
96%
Numbers.Shirt
96%
Numbers.Too
96%
Numbers.Wire
96%
Punctuation.#
95%
Plurals.Leaves
95%
Punctuation.@
94%
Numbers.Five
94%
Numbers.Seven
94%
Numbers.Three
94%
Punctuation.,
93%
Punctuation..
93%
Numbers.Nine
93%
Numbers.Seventeen
93%
Numbers.Six
93%
Numbers.Tree
93%
Nouns.Fast
92%
Nouns.Nice
92%
Numbers.Thirty
92%
Nouns.Weird
92%
Punctuation.;
91%
Dialogue.He was feeling upbeat and cheerful.
91%
Dialogue.His mother knew.
91%
Dialogue.His mother was ecstatic.
91%
Nouns.Hot
91%
Dialogue.Jerome knew exactly how to respond.
91%
Dialogue.Jerome’s mother did not know how to respond
91%
Dialogue.Jerome’s mother was certainly surprised.
91%
Dialogue.Jerome walked into his house.
91%
Nouns.Speedy
91%
Nouns.Swim
91%
Punctuation.:
90%
Nouns.Bouncy
90%
Dialogue.Jerome’s grades continued to get better, and everyone was proud of him.
90%
Nouns.Candle
88%
Nouns.Cold
88%
Nouns.Door
88%
Nouns.House
88%
Dialogue.“Remember all those times I said I was going to be at a friends?”
88%
Dialogue.“Well, I have been taking after school classes.”
88%
Nouns.Bag
87%
Dialogue.“How did you do it though? You are never studying when I see you.”
87%
Dialogue.“I wanted to surprise you.”
87%
Dialogue.“Well, I was actually at school studying.”
87%
Nouns.Basketball
86%
Dialogue.“I got an A+ on my math test!”
86%
Dialogue.“Why didn’t you tell me?” She asked.
85%
Dialogue.“Your grades are finally going up!”
85%
Nouns.California
80%
Nouns.New York
79%
Punctuation.
78%
Punctuation.“”
67%
Nouns.2019
56%
Punctuation.()
32%
Punctuation./
20%
Punctuation.&
18%
Punctuation.*
9%

Score Distribution

Percentile by Number Answered

Percent of People with Each Score

Your Score History

You have not taken this quiz